000 00786cab a2200241 4500
001 ABS58488
008 090401t1998 xxu||||| |||| 00| 0 eng d
035 _a(Sirsi) u85272
041 _aeng
100 _aWaters, B.
245 _aPractical planning advice
260 _c1998
350 _a0
490 _aArchitects` Journal
_v207(11) 19 March 1998, 42-43(2)
520 _aThe author briefly considers three planning issues, the possibility of a compulsory purchase comeback, a threat to tree preservation orders and irrational planning decisions.
650 _aCompulsory purchase
_96228
650 _aNEW HOMES
650 _aPLANNING DECISIONS
650 _aTREE PRESERVATION ORDERS (TPOs)
690 _aPLANNING LAW AND PRACTICE
942 _n0
948 _c27/03/1998
999 _c53610
_d53610